000 01102nam a22002057a 4500
999 _c58023
_d58023
003 Ge_BSU
005 20210513153304.0
008 210513s1973 xxu||||| |||| 00| 0 geo d
041 _ageo
080 _a53(075.8) მ-70
100 _aმირიანაშვილი, მათე.
_911783
245 _aზოგადი ფიზიკის კურსი:
_bნაწ. 1, მექანიკა /
_cმათე მირიანაშვილი, რედ.ა.იშხნელი
250 _aმე-3 შესწორებული და გადამუშავებული გამოცემა.
264 _aთბილისი :
_b თბილ. უნ-ტის გამ-ბა,
_c1973.
300 _a509 გვ.
_b ილ.
_c22სმ.
653 _aზოგადი ფიზიკა -- სახელმძღვანელოები უმაღლესი სასწავლებლებისათვის.
653 _aფიზიკა
700 _aიშხნელი,ა
_eრედაქტორი
_911784
942 _2udc
_cBK